[Event "Bosnjaci op 28th"]
[Site "Bosnjaci"]
[Date "2024.01.03"]
[Round "1"]
[White "Bekcic, Martin"]
[Black "Kovacevic, Blazimir"]
[Result "0-1"]
[WhiteElo "1829"]
[BlackElo "2381"]
[PlyCount "66"]
[EventDate "2024.01.03"]
[EventType "swiss"]
[EventRounds "9"]
[EventCountry "CRO"]
[SourceTitle "CB02_2024"]
[SourceDate "2024.01.10"]
[SourceVersion "1"]
[SourceVersionDate "2024.01.10"]
[SourceQuality "1"]

1. d4 Nf6 2. Bf4 c5 3. e3 g6 4. c3 b6 5. Nf3 Bb7 6. Bd3 Bg7 7. h3 d6 8. Bb5+ Nbd7 9. 0-0 a6 10. Bxd7+ Nxd7 11. Nbd2 0-0 12. Re1 e5 13. Bg3 b5 14. dxe5 dxe5 15. Qc2 Qe7 16. e4 c4 17. b3 cxb3 18. axb3 Rfc8 19. c4 f6 20. Rad1 Qe6 21. Re2 a5 22. Qb1 Ba6 23. Re3 Bf8 24. cxb5 Bxb5 25. Nc4 a4 26. Rd5 Bc5 27. Re1 Bxc4 28. bxc4 Nb6 29. Rdd1 a3 30. Qa2 Qxc4 31. Ra1 Qxa2 32. Rxa2 Na4 33. Rea1 Nc3 0-1

[Event "Bosnjaci op 26th"]
[Site "Bosnjaci"]
[Date "2022.01.03"]
[Round "1"]
[White "Kovacevic, Blazimir"]
[Black "Bekcic, Martin"]
[Result "1-0"]
[WhiteElo "2393"]
[BlackElo "1823"]
[PlyCount "67"]
[EventDate "2022.01.03"]
[EventType "swiss"]
[EventRounds "9"]
[EventCountry "CRO"]
[SourceTitle "EXT 2023"]
[Source "ChessBase"]
[SourceDate "2022.10.05"]
[SourceVersion "1"]
[SourceVersionDate "2022.10.05"]
[SourceQuality "1"]

1. d4 d5 2. c4 c6 3. Nc3 Nf6 4. e3 e6 5. Nf3 Bd6 6. Bd3 0-0 7. e4 dxe4 8. Nxe4 Nxe4 9. Bxe4 Bb4+ 10. Bd2 Bxd2+ 11. Qxd2 Nd7 12. 0-0 Nf6 13. Qf4 Nxe4 14. Qxe4 f6 15. Rfe1 Qd6 16. Qe3 Bd7 17. Nd2 b6 18. Rad1 Rae8 19. Qc3 Qc7 20. c5 b5 21. Ne4 a5 22. Nd6 Re7 23. Re4 a4 24. Rde1 Qb8 25. f4 f5 26. Re5 Qd8 27. b3 g6 28. bxa4 bxa4 29. Rb1 Bc8 30. Rb8 Qc7 31. Qb4 Ba6 32. Rxf8+ Kxf8 33. Qxa4 Bc8 34. Qa8 1-0

[Event "Bosnjaci op 24th"]
[Site "Bosnjaci"]
[Date "2019.01.04"]
[Round "2"]
[White "Bekcic, Martin"]
[Black "Stocko, Josip"]
[Result "0-1"]
[WhiteElo "1898"]
[BlackElo "2282"]
[PlyCount "86"]
[EventDate "2019.01.03"]
[EventType "swiss"]
[EventRounds "9"]
[EventCountry "CRO"]
[SourceTitle "CBM 188 Extra"]
[Source "ChessBase"]
[SourceDate "2019.02.26"]
[SourceVersion "1"]
[SourceVersionDate "2019.02.26"]
[SourceQuality "1"]

1. d4 Nf6 2. Bf4 e6 3. e3 Be7 4. Nf3 b6 5. Bd3 Bb7 6. h3 0-0 7. 0-0 d5 8. Nbd2 c5 9. c3 Nbd7 10. Ne5 a6 11. Qf3 b5 12. Rfe1 Rc8 13. Rac1 Nb6 14. Bb1 b4 15. b3 bxc3 16. Rxc3 cxd4 17. Rxc8 Nxc8 18. exd4 Nd6 19. Rc1 Qb6 20. Qd3 Nf5 21. Ndf3 Ba3 22. Rc2 Re8 23. g4 Nd6 24. Qe3 a5 25. Nd3 Nfe4 26. Nc5 f6 27. Na4 Qd8 28. Nc5 e5 29. Nxb7 exf4 30. Qd3 Nxb7 31. Qb5 Nbd6 32. Qxd5+ Kh8 33. Kg2 Bb4 34. Rc1 Qe7 35. Bd3 Nxf2 36. Bc4 Qe3 37. Rf1 Nd3 38. Bxd3 Qxd3 39. Rf2 Qb5 40. Qxb5 Nxb5 41. Rc2 g5 42. Kf2 Re3 43. Rc6 Rxf3+ 0-1

[Event "Vukovar Srijem CupT 6th"]
[Site "Tompojevci"]
[Date "2013.03.09"]
[Round "2.4"]
[White "Ilisevic, Adam"]
[Black "Bekcic, Martin"]
[Result "0-1"]
[WhiteElo "1863"]
[BlackElo "1911"]
[PlyCount "68"]
[EventDate "2013.03.08"]
[EventType "team-swiss"]
[EventRounds "5"]
[EventCountry "CRO"]
[SourceTitle "EXT 2014"]
[Source "ChessBase"]
[SourceDate "2013.11.20"]
[SourceVersion "1"]
[SourceVersionDate "2013.11.20"]
[SourceQuality "1"]
[WhiteTeam "Bosnjaci"]
[BlackTeam "Komletinci"]
[WhiteTeamCountry "CRO"]
[BlackTeamCountry "CRO"]

1. e4 c5 2. d3 d6 3. Nc3 e6 4. d4 cxd4 5. Qxd4 Nc6 6. Bb5 Bd7 7. Bxc6 Bxc6 8. f3 Qc7 9. Nge2 h6 10. a3 Nf6 11. Be3 Be7 12. g4 e5 13. Qd2 Nd7 14. h4 Nb6 15. Qd3 0-0-0 16. Nd5 Bxd5 17. exd5 Kb8 18. Nc3 Rc8 19. 0-0-0 a6 20. Kb1 Nc4 21. Bd2 Qb6 22. Bc1 Nxa3+ 23. Ka1 Nc4 24. b3 Qa5+ 25. Kb1 Nb6 26. Bd2 Qc5 27. Kb2 Bf6 28. g5 hxg5 29. hxg5 e4 30. fxe4 Rxh1 31. Rxh1 Na4+ 32. bxa4 Qb4+ 33. Kc1 Bxc3 34. Bxc3 Rxc3 0-1

[Event "CRO-chT2 East"]
[Site "Osijek"]
[Date "2010.10.16"]
[Round "8.66"]
[White "Bekcic, Martin"]
[Black "Bjelica, Vladimir"]
[Result "1/2-1/2"]
[WhiteElo "1966"]
[BlackElo "2066"]
[PlyCount "38"]
[EventDate "2010.04.17"]
[EventType "team-tourn"]
[EventRounds "11"]
[EventCountry "CRO"]
[SourceTitle "EXT 2012"]
[Source "ChessBase"]
[SourceDate "2011.11.24"]
[SourceVersion "1"]
[SourceVersionDate "2011.11.24"]
[SourceQuality "1"]

1. d4 d5 2. Bf4 e6 3. Nf3 Bd6 4. Bxd6 Qxd6 5. Nbd2 Nf6 6. e3 Nbd7 7. Bd3 0-0 8. 0-0 e5 9. dxe5 Nxe5 10. Be2 Bf5 11. b3 Qe7 12. Rc1 Rad8 13. Nxe5 Qxe5 14. Nf3 Qe7 15. Qd4 a6 16. Qh4 h6 17. Bd3 Bxd3 18. cxd3 Rfe8 19. Nd4 c6 1/2-1/2

[Event "Bosnjaci op 14th"]
[Site "Bosnjaci"]
[Date "2009.01.03"]
[Round "1"]
[White "Brkic, Ante"]
[Black "Bekcic, Martin"]
[Result "1-0"]
[WhiteElo "2550"]
[BlackElo "2005"]
[PlyCount "79"]
[EventDate "2009.01.03"]
[EventType "swiss"]
[EventRounds "9"]
[EventCountry "CRO"]
[SourceTitle "CBM 128 Extra"]
[Source "ChessBase"]
[SourceDate "2009.03.05"]
[SourceVersion "2"]
[SourceVersionDate "2009.03.25"]
[SourceQuality "1"]

1. e4 e6 2. d4 d5 3. Nc3 dxe4 4. Nxe4 Nf6 5. Nxf6+ Qxf6 6. Nf3 h6 7. Bd3 Bd6 8. Qe2 Nd7 9. Bd2 a6 10. 0-0-0 b5 11. Be4 Rb8 12. Kb1 b4 13. h4 Qe7 14. Bc1 Rb6 15. g4 Nf6 16. Nd2 a5 17. g5 Ba6 18. gxf6 Bxe2 19. fxe7 Bxd1 20. Rxd1 Bxe7 21. Nc4 Ra6 22. Bb7 Rd6 23. Nxd6+ cxd6 24. Bc6+ Kd8 25. d5 Kc7 26. h5 g6 27. Rh1 g5 28. Bb5 e5 29. Bd3 Rf8 30. Bf5 Rb8 31. Be3 Rb5 32. Bd3 Rb8 33. b3 Rf8 34. Bf5 Ra8 35. c3 Bf6 36. cxb4 axb4 37. Rc1+ Kb7 38. Rc4 Ra5 39. Rxb4+ Ka8 40. Bd7 1-0

[Event "Bosnjaci op 13th"]
[Site "Bosnjaci"]
[Date "2008.01.06"]
[Round "5"]
[White "Bekcic, Martin"]
[Black "Grebenar, Branko"]
[Result "1-0"]
[WhiteElo "2013"]
[BlackElo "1706"]
[PlyCount "69"]
[EventDate "2008.01.03"]
[EventType "swiss"]
[EventRounds "9"]
[EventCountry "CRO"]
[SourceTitle "CBM 122 Extra"]
[Source "ChessBase"]
[SourceDate "2008.03.04"]
[SourceVersion "1"]
[SourceVersionDate "2008.03.04"]
[SourceQuality "1"]

1. d4 Nf6 2. Nf3 g6 3. c4 d5 4. e3 Bg7 5. Nc3 0-0 6. Be2 c6 7. 0-0 Re8 8. b3 Nbd7 9. cxd5 Nxd5 10. Nxd5 cxd5 11. Bb2 e6 12. Rc1 Nf6 13. Ne5 a6 14. Qc2 Nd7 15. Nd3 h5 16. Ba3 h4 17. h3 Bf8 18. Bxf8 Rxf8 19. Bg4 f5 20. Be2 Kg7 21. Nf4 Kf6 22. Qc3 g5 23. Nh5+ Kg6 24. g4 Nf6 25. Nxf6 Qxf6 26. Qc7 Rf7 27. Qd6 Kh6 28. gxf5 exf5 29. Qxd5 g4 30. hxg4 fxg4 31. Rc5 Qg6 32. Bd3 Qf6 33. Qh5+ Kg7 34. Rg5+ Kf8 35. Rg6 1-0

[Event "Bosnjaci op 13th"]
[Site "Bosnjaci"]
[Date "2008.01.06"]
[Round "6"]
[White "Sargac, Rajna"]
[Black "Bekcic, Martin"]
[Result "1-0"]
[WhiteElo "2197"]
[BlackElo "2013"]
[PlyCount "137"]
[EventDate "2008.01.03"]
[EventType "swiss"]
[EventRounds "9"]
[EventCountry "CRO"]
[SourceTitle "CBM 122 Extra"]
[Source "ChessBase"]
[SourceDate "2008.03.04"]
[SourceVersion "1"]
[SourceVersionDate "2008.03.04"]
[SourceQuality "1"]

1. d4 d5 2. Nf3 Bf5 3. c4 c6 4. Nc3 Nf6 5. cxd5 Nxd5 6. Qb3 Nb6 7. e4 Bg6 8. Be2 e6 9. Be3 Be7 10. a4 a5 11. d5 N8d7 12. dxe6 fxe6 13. Rd1 Qc7 14. Qxe6 Bf7 15. Bxb6 Nxb6 16. Qe5 Qxe5 17. Nxe5 Bb3 18. Ra1 0-0 19. Bd1 Be6 20. Nd3 Rad8 21. Bc2 Bc4 22. Rd1 Rd6 23. Ne5 Rxd1+ 24. Bxd1 Be6 25. 0-0 Bf6 26. Nf3 Nd7 27. Bc2 Nc5 28. e5 Be7 29. Nd4 Bc4 30. Rd1 Rd8 31. Nf5 Rxd1+ 32. Nxd1 Bd8 33. Nde3 Bf7 34. Nd6 Be6 35. f4 g6 36. g4 Be7 37. f5 Bxd6 38. exd6 Bf7 39. Kf2 Kf8 40. Ng2 b5 41. Ke3 Ke8 42. Kd4 Nd7 43. axb5 c5+ 44. Ke3 Nb6 45. Kf4 Kd7 46. Ke5 Nc4+ 47. Kf6 Nxd6 48. Nf4 gxf5 49. gxf5 Bc4 50. Ne6 Ne8+ 51. Ke5 Bxb5 52. Nxc5+ Ke7 53. Ne4 Bc4 54. f6+ Kf8 55. Nc5 h6 56. Nb7 Kf7 57. Nd8+ Kf8 58. b3 Bb5 59. Bg6 Nc7 60. Nb7 Be2 61. Nxa5 Bd1 62. b4 Be2 63. Nc6 Bc4 64. Nd4 Bf7 65. Be4 Be8 66. Ne6+ Nxe6 67. Kxe6 Bb5 68. Bg6 Kg8 69. Ke7 1-0

[Event "Bosnjaci op 13th"]
[Site "Bosnjaci"]
[Date "2008.01.03"]
[Round "1"]
[White "Pap, Misa"]
[Black "Bekcic, Martin"]
[Result "1-0"]
[WhiteElo "2465"]
[BlackElo "2013"]
[PlyCount "53"]
[EventDate "2008.01.03"]
[EventType "swiss"]
[EventRounds "9"]
[EventCountry "CRO"]
[SourceTitle "CBM 122 Extra"]
[Source "ChessBase"]
[SourceDate "2008.03.04"]
[SourceVersion "1"]
[SourceVersionDate "2008.03.04"]
[SourceQuality "1"]

1. e4 c5 2. Nf3 d6 3. d4 cxd4 4. Nxd4 Nc6 5. Nc3 a6 6. Bc4 e6 7. 0-0 Nf6 8. Bb3 Be7 9. Kh1 0-0 10. f4 Nxd4 11. Qxd4 b5 12. f5 e5 13. Qd3 Bb7 14. Bg5 Ng4 15. Qg3 Bxg5 16. Qxg4 Bf6 17. Bd5 Rb8 18. Bxb7 Rxb7 19. Nd5 Kh8 20. Rf3 a5 21. c3 g6 22. Raf1 Rg8 23. Rh3 Rg7 24. fxg6 Rxg6 25. Nxf6 Rxf6 26. Rxf6 Qxf6 27. Qc8+ 1-0